[Event "Challenge"]
[Site "http://www.queenalice.com/game.php?id=1791116"]
[Date "2022.6.19"]
[Round "-"]
[White "josh_hh"]
[Black "ilbarbierefallito"]
[Result "1/2-1/2"]
[WhiteElo "1247"]
[BlackElo "1541"]

1. a4 h5 2. a5 h4 3. h3 a6 4. Nf3 Nf6 5. Ra4 d5 6. Nxh4 g5 7. Nf5 Bxf5 8. h4
gxh4 9. Raxh4 Rxh4 10. Rxh4 Bh7 11. Nc3 Nc6 12. Nxd5 Qxd5 13. g3 O-O-O 14. Bh3+
e6 15. Rh6 Bxh6 16. Bxe6+ Qxe6 17. d3 Nd4 18. b4 Qxe2+ 19. Qxe2 Nxe2 20. Bxh6
Ng4 21. Bg5 Nf6 22. Kxe2 Rd4 23. Bxf6 Bxd3+ 24. cxd3 Rxb4 25. Bc3 c5 26. Bxb4
cxb4 27. d4 f5 28. d5 b5 29. d6 b3 30. Kd2 b2 31. Kc2 b1=Q+ 32. Kxb1 Kd7 33. f3
Kxd6 34. g4 fxg4 35. fxg4 Ke6 36. g5 Kf5 37. g6 Kxg6 38. Kb2 Kf6 39. Kb3 Ke6 40.
Kb4 Kd6 41. Kc3 Ke5 42. Kb4 Kd6 43. Kc3 Ke5 44. Kb4 Kd6 1/2-1/2

[Event "Challenge"]
[Site "http://www.queenalice.com/game.php?id=1792363"]
[Date "2022.7.13"]
[Round "-"]
[White "josh_hh"]
[Black "Leanne"]
[Result "0-1"]
[WhiteElo "1259"]
[BlackElo "1282"]

1. h4 d5 2. Nf3 g6 3. Ne5 Be6 4. d4 Bg7 5. Nxf7 Bxf7 6. Rh3 Nc6 7. Re3 Nf6 8.
Bd2 O-O 9. g3 Ng4 10. Rf3 Nh2 11. Rb3 Nxf1 12. Kxf1 e5 13. dxe5 Nxe5 14. Rxb7
Qc8 15. Rb5 Nc4 16. Bf4 Nxb2 17. Qd2 Nc4 18. Qd3 Bxa1 19. a4 Rb8 20. Rxb8 Qxb8
21. g4 Qxb1+ 22. Kg2 Ne5 23. Bxe5 Bxe5 24. a5 c5 25. h5 Qb4 26. hxg6 Qxg4+ 27.
Kf1 hxg6 28. Qa6 Be6 29. Qxa7 Bd4 30. Qb6 Bxf2 31. c3 Qg1# 0-1

[Event "Challenge"]
[Site "http://www.queenalice.com/game.php?id=1792634"]
[Date "2022.7.16"]
[Round "-"]
[White "Antonella"]
[Black "josh_hh"]
[Result "1-0"]
[WhiteElo "1327"]
[BlackElo "1239"]

1. e4 h5 2. h3 Rh6 3. Nf3 Re6 4. Nc3 g5 5. a3 g4 6. Ng5 Re5 7. f4 Rc5 8. e5 a5
9. hxg4 hxg4 10. Rh8 e6 11. d4 Rc4 12. Rxg8 Ke7 13. Nh7 a4 14. d5 exd5 15. f5 c6
16. f6+ Ke6 17. Qxg4+ Rxg4 18. Nxf8+ Kxe5 19. Bf4+ Kxf6 20. Nxd5+ cxd5 21. Nh7+
Ke7 22. Rxg4 Qa5+ 23. Bd2 Qc5 24. O-O-O Nc6 25. Rh4 d4 26. Bg5+ f6 27. Bxf6+ Kf7
28. Bd3 Qd5 29. Be4 Qa2 30. Bg5 Qa1+ 31. Kd2 Qxb2 32. Rf1+ Ke6 33. Rh6+ Ke5 34.
Bd3 Qxa3 35. Rf5# 1-0

[Event "josh_hhvvv"]
[Site "http://www.queenalice.com/game.php?id=1793037"]
[Date "2022.7.23"]
[Round "1"]
[White "josh_hh"]
[Black "ilbarbierefallito"]
[Result "0-1"]
[WhiteElo "1244"]
[BlackElo "1529"]

1. d3 d5 2. Be3 Nf6 3. g3 e5 4. Bg2 Be7 5. Bg5 O-O 6. e4 dxe4 7. dxe4 Qxd1+ 8.
Kxd1 Rd8+ 9. Nd2 Nc6 10. Ne2 Nxe4 11. Bxe7 Re8 12. Bxe4 Rxe7 13. Nc4 Bf5 14.
Bxf5 Nd4 15. Nxd4 exd4 16. a4 g6 17. Be4 Rxe4 18. Na5 b6 19. f3 bxa5 20. fxe4
Re8 21. Re1 f5 22. Ra3 Rxe4 23. Rxe4 fxe4 24. c3 d3 25. b4 Kf7 26. bxa5 Ke6 27.
h4 Kf5 28. Rb3 e3 29. c4 Ke4 30. c5 e2+ 31. Ke1 Kd4 32. c6 Kc4 33. Rb7 Kd4 34.
Rxc7 Ke3 35. Rxa7 d2# 0-1

[Event "Challenge"]
[Site "http://www.queenalice.com/game.php?id=1798035"]
[Date "2022.10.15"]
[Round "-"]
[White "josh_hh"]
[Black "ilbarbierefallito"]
[Result "1-0"]
[WhiteElo "1213"]
[BlackElo "1579"]

1. h4 a5 2. Rh3 f5 3. Rf3 Nc6 4. Rxf5 e6 5. Rf4 g5 6. hxg5 h6 7. gxh6 Rxh6 8. d3
Qg5 9. a3 b5 10. c4 Bd6 11. a4 bxc4 12. Rf8+ Bxf8 13. Bxg5 Rh1 14. Na3 Rxg1 15.
Kd2 Bb7 16. Nxc4 Nge7 17. Qb3 O-O-O 18. Nxa5 Nxa5 19. Qb5 c6 20. Qxa5 Rh1 21. e4
Rh5 22. Be2 Rh2 23. d4 Rxg2 24. Bf6 Rxf2 25. Bxe7 Re8 26. Bxf8 Rxe2+ 27. Kxe2
Rxf8 28. b4 Rf4 29. b5 Rh4 30. bxc6 Rxe4+ 31. Kd3 Rh4 32. cxb7+ Kb8 33. Rb1 Rh8
34. Qg5 Rh2 35. Qg8+ Ka7 36. b8=Q+ 1-0

[Event "Challenge"]
[Site "http://www.queenalice.com/game.php?id=1802443"]
[Date "2022.12.22"]
[Round "-"]
[White "Antonella"]
[Black "josh_hh"]
[Result "1-0"]
[WhiteElo "1334"]
[BlackElo "1243"]

1. b3 e6 2. Nf3 Bc5 3. e3 Bb4 4. a3 Bxd2+ 5. Bxd2 a5 6. h3 Nc6 7. Nc3 a4 8. Nxa4
b5 9. Bxb5 Nf6 10. Nc3 g5 11. Nxg5 h6 12. Nf3 h5 13. Qe2 h4 14. O-O-O Rxa3 15.
Bxc6 dxc6 16. Nb1 Ra1 17. Bc3 Ra2 18. Qc4 Bd7 19. Ne5 Nh7 20. Rxd7 Qc8 21. Rxf7
c5 22. Qb5+ c6 23. Qxc5 Rg8 24. Rxh7 Rxg2 25. Rh8+ Rg8 26. Rxg8# 1-0

[Event "Challenge"]
[Site "http://www.queenalice.com/game.php?id=1808237"]
[Date "2023.3.21"]
[Round "-"]
[White "josh_hh"]
[Black "Aquarebel"]
[Result "0-1"]
[WhiteElo "1231"]
[BlackElo "1485"]

1. h4 h5 2. Rh3 d5 3. Re3 f5 4. Nf3 e6 5. Ng5 f4 6. Re5 Qf6 7. Rxe6+ Bxe6 8. a4
Nh6 9. a5 Ba3 10. bxa3 Nf5 11. d3 Bd7 12. Bxf4 c6 13. Nc3 Qxc3+ 14. Bd2 Qe5 15.
Nf3 Qf6 16. Rb1 O-O 17. Rxb7 Nxh4 18. Nxh4 Qxf2# 0-1

[Event "josh_hh22"]
[Site "http://www.queenalice.com/game.php?id=1819189"]
[Date "2023.8.20"]
[Round "1"]
[White "josh_hh"]
[Black "ChrisBidlack"]
[Result "0-1"]
[WhiteElo "1225"]
[BlackElo "1642"]

1. g3 d5 2. Bg2 Bf5 3. Bf3 Nc6 4. g4 Bg6 5. h4 Nd4 6. Bxd5 Nxc2+ 7. Kf1 Nxa1 8.
Bxf7+ Bxf7 9. Qa4+ Qd7 10. Qb4 Bd5 11. a4 Bxh1 12. Qa3 Nc2 13. Qb3 Qc6 14. Nc3
Qg2# 0-1

[Event "josh_hhxx"]
[Site "http://www.queenalice.com/game.php?id=1845906"]
[Date "2024.10.21"]
[Round "2"]
[White "Aquarebel"]
[Black "josh_hh"]
[Result "1-0"]
[WhiteElo "1447"]
[BlackElo "1321"]

1. e4 e6 2. e5 Bc5 3. d4 Bb4+ 4. c3 Be7 5. Be3 Bh4 6. Qg4 h5 7. Qxg7 Bxf2+ 8.
Bxf2 d6 9. Nf3 dxe5 10. Nxe5 b6 11. Qxf7# 1-0